The geometry of incidence /
Guardado en:
| Autor Principal: | |
|---|---|
| Formato: | Libro |
| Idioma: | English |
| Publicado: |
Englewood Cliffs, N.J. :
Prentice-Hall,
c1966.
|
| Materias: | |
| Etiquetas: |
Agregar Etiqueta
Sin Etiquetas, Sea el primero en etiquetar este registro!
|
| LEADER | 00617nam a22001931a 4500 | ||
|---|---|---|---|
| 001 | MAT.inmabb005637 | ||
| 008 | 840622s1966####njua#####b####000#0#eng## | ||
| 005 | 20150701173552.0 | ||
| 245 | 1 | 4 | |a The geometry of incidence / |c Harold L. Dorwart. |
| 260 | |a Englewood Cliffs, N.J. : |b Prentice-Hall, |c c1966. | ||
| 300 | |a xvii, 156 p. : |b il. ; |c 22 cm. | ||
| 504 | |a Bibliografía: p. 148-154. | ||
| 510 | 4 | |a MR, |c 33 #599 | |
| 100 | 1 | |a Dorwart, Harold L. |q (Harold Laird) | |
| 650 | 0 | |a Geometry, Projective. | |
| 084 | |a 51Axx |2 msc2000 | ||
| 010 | |a 66011240 | ||
| 040 | |a DLC/ICU |c ICU |d DLC | ||
| 859 | |h 51 |i D721 |p A-2299 |b BIB. MATEMATICA | ||
